=LDR 00000nam 2200000 4500 =001 INLIS000000000003488 =005 20130612091808 =008 ***********************************Ind** =035 ##$$0010-061300000003488 =041 ##$$a Ind =082 ##$$a 342.05 =090 ##$$a 342.05, Ind t =245 ##$$a TAF MPR 2000 : hasil sidang tahunan MPR RI tanggal 7 - 18 Agustus 2000 =260 ##$$a 2000 $b Solo : Pabelan =300 ##$$a vi, 160 hlm. ; 21 cm =650 ##$$a Majlis Permusyawaratan Rakyat =850 ##$$a NBPNMAT